000 00812nam a2200301 a 4500
003 AR-BaBNM
005 20251128203505.0
008 082120s2002 ||||||||||||||000 | spa||
020 _a84-7100-471-2
040 _cAR-BaBNM
100 1 _aLarramendi, Ramón Hernándo de
245 0 0 _aEsquimales
250 _a1ª ed.
260 _aMadrid
_bMapfre
_c1992
300 _a226 p.
_bmapas, il.,láms.
490 0 _aIndios de América
_vv. 2
500 _aApéndices para consultar p. 205-226
650 4 _aESQUIMALES
650 4 _aGRUPOS ETNICOS
650 4 _aHISTORIA ECONOMICA
650 4 _aHISTORIA SOCIAL
650 4 _aHISTORIA POLITICA
651 4 _aEspaña
800 1 _aGallego, José Andrés
_ecoordinador
800 1 _aEsteva-Fabregat, Claudio
_edirector
942 _cBK
998 _cmariana
999 _c3629
_d3629